书目信息 |
| 题名: |
美美与共
|
|
| 作者: | 顾乐波 主编 | |
| 分册: | ||
| 出版信息: | 上海 上海教育出版社有限公司 2022.07 |
|
| 页数: | 200页 | |
| 开本: | 26cm | |
| 丛书名: | 新课标 新语文 新学习丛书 | |
| 单 册: | ||
| 中图分类: | G633.332 | |
| 科图分类: | ||
| 主题词: | 阅读课--yue du ke--教学研究--高中 | |
| 电子资源: | ||
| ISBN: | 978-7-5444-8217-2 | |
| 000 | 01415nam 2200301 450 | |
| 001 | 012001000520 | |
| 005 | 20140131150448.0 | |
| 010 | @a978-7-5444-8217-2@dCNY35.00 | |
| 099 | @aCAL 012019091353 | |
| 100 | @a20220905d2018 em y0chiy50 ea | |
| 101 | 0 | @achi |
| 102 | @aCN@b310000 | |
| 105 | @aa z 000yy | |
| 106 | @ar | |
| 200 | 1 | @a美美与共@Amei mei yu gong@e跨文化专题研讨@f顾乐波主编 |
| 210 | @a上海@c上海教育出版社有限公司@d2022.07 | |
| 215 | @a200页@c图@d26cm | |
| 225 | 2 | @a新课标 新语文 新学习丛书@Axin ke biao xin yu wen xin xue xi cong shu@v17 |
| 300 | @a根据2017年版《普通高中语文课程标准》编写 | |
| 314 | @a顾乐波,浙江省宁波市名师,宁波市“学科教育家”培养对象。曾获浙江省教坛新秀、宁波市中小学骨干教师等称号。在浙江省优质课大赛中获一等奖第一名,在“一师一优课”评比中获部级优课。《语文学习》2008年第3期“名师”栏目人物 | |
| 330 | @a本书以跨文化视野为立足点,以专题活动的方式,引导高中生思考丰富多元的人类文化,汲取人类思想精华,培养开放的文化心态,增进文化理解力,使他们既能传承和弘扬中华优秀传统文化,又能尊重和理解不同民族、不同区域、不同国家的文化,借鉴和吸收人类文化的精华。 | |
| 410 | 0 | @12001 @a新课标 新语文 新学习丛书@v17 |
| 517 | 1 | @a跨文化专题研讨@Akua wen hua zhuan ti yan tao |
| 606 | 0 | @a阅读课@Ayue du ke@x教学研究@x高中 |
| 690 | @aG633.332@v5 | |
| 701 | 0 | @a顾乐波@Agu le bo@4主编 |
| 801 | 0 | @aCN@bAHXH@c20221111 |
| 905 | @b1364541-5@dG633.332@e1013@f5 | |
| 美美与共:跨文化专题研讨/顾乐波主编.-上海:上海教育出版社有限公司,2022.07 |
| 200页:图;26cm.-(新课标 新语文 新学习丛书;17) |
| 根据2017年版《普通高中语文课程标准》编写 |
| ISBN 978-7-5444-8217-2:CNY35.00 |
| 本书以跨文化视野为立足点,以专题活动的方式,引导高中生思考丰富多元的人类文化,汲取人类思想精华,培养开放的文化心态,增进文化理解力,使他们既能传承和弘扬中华优秀传统文化,又能尊重和理解不同民族、不同区域、不同国家的文化,借鉴和吸收人类文化的精华。 |
| ● |
| 相关链接 |
|
|
|
|
正题名:美美与共
索取号:G633.332/1013
 
预约/预借
| 序号 | 登录号 | 条形码 | 馆藏地/架位号 | 状态 | 备注 |
| 1 | 1364541 | 213645411 | 第一样本阅览室/ [索取号:G633.332/1013] | 在馆 | |
| 2 | 1364542 | 213645420 | 教育系资料室/ [索取号:G633.332/1013] | 在馆 | |
| 3 | 1364543 | 213645439 | 教育系资料室/ [索取号:G633.332/1013] | 在馆 | |
| 4 | 1364544 | 213645448 | 第四借阅区/ [索取号:G633.332/1013] | 在馆 | |
| 5 | 1364545 | 213645457 | 第四借阅区/ [索取号:G633.332/1013] | 在馆 |